000 00231as aa2200097a 44500
090 _aSERIADAS
_b01476
245 1 0 _aNature reviews genetics
260 _bNature Publishing Group
_aEstados Unidos
041 0 _aInglés
942 _cREVISTA
999 _c17241
_d17241